Statistics for Visual Rhymes

Click here to take the quiz!

General Stats

  • This quiz has been taken 132 times
    (122 since last reset)
  • The average score is 15 of 24

Answer Stats

Hint 1 Answer % Correct
What we eatFood
98%
Bodily fluidBlood
96%
Uncle's wifeAunt
95%
RageAnger
80%
Goliath nemesisDavid
80%
Hazard, perilDanger
79%
Big Bird's streetSesame
75%
Thin, bonyGaunt
74%
DesireWant
72%
Foot curveArch
70%
Time keeperWatch
70%
Queen or King, eg.Monarch
67%
Fire starterMatch
67%
EnthusiasticAvid
67%
Czech capitalPrague
66%
EpidemicPlague
63%
Monkish musicChant
49%
ArgumentQuarrel
44%
Wine caskBarrel
44%
Evolved intoBecame
44%
Breakfast itemWaffle
33%
Church fund-raiserRaffle
32%
Senate roomChamber
31%
Yellow-brown colourAmber
30%

Score Distribution

Percentile by Number Answered

Percent of People with Each Score

Your Score History

You have not taken this quiz since the last reset